Phân lập, làm giàu và nghiên cứu hiệu quả xử lý nước thải nhiễm mặn của chủng nấm men chịu mặn Candida SP. YH /
Đã lưu trong:
| Tác giả chính: | |
|---|---|
| Tác giả khác: | |
| Định dạng: | Bài viết |
| Ngôn ngữ: | Vietnamese |
| Những chủ đề: | |
| Các nhãn: |
Thêm thẻ
Không có thẻ, Là người đầu tiên thẻ bản ghi này!
|
| Thư viện lưu trữ: | Thư viện Trường Đại học Đà Lạt |
|---|
| LEADER | 00916nam a2200289 4500 | ||
|---|---|---|---|
| 001 | DLU210195561 | ||
| 005 | ##20210107 | ||
| 040 | # | # | |a DLU |b vie |
| 041 | # | # | |a vie |
| 044 | # | # | |a vn |
| 100 | # | # | |a Trần Minh Chí. |
| 245 | # | # | |a Phân lập, làm giàu và nghiên cứu hiệu quả xử lý nước thải nhiễm mặn của chủng nấm men chịu mặn Candida SP. YH / |c Trần Minh Chí, Nghiêm Ngọc Minh. |
| 653 | # | # | |a Candida sp.YH |
| 653 | # | # | |a Chịu mặn |
| 653 | # | # | |a COD |
| 653 | # | # | |a Nấm men |
| 700 | # | # | |a Nghiêm Ngọc Minh. |
| 773 | # | # | |t Tạp chí Công nghệ Sinh học |g Số 15(1), 2017, tr. 181-187 |
| 920 | # | # | |a Phòng Tạp chí -- Trung tâm Thông tin - Thư viện Trường Đại học Đà Lạt |
| 994 | # | # | |a DLU |
| 900 | # | # | |a True |
| 911 | # | # | |a Hoàng Thị Huyền |
| 925 | # | # | |a G |
| 926 | # | # | |a A |
| 927 | # | # | |a BB |
| 980 | # | # | |a Thư viện Trường Đại học Đà Lạt |